| 000 | 00663nam a22002650a 4500 | ||
|---|---|---|---|
| 001 | PT61354 | ||
| 003 | AR-LpoUNG | ||
| 005 | 20210131232029.0 | ||
| 008 | 191001s1980||||ag |||||||||||||||||spa d | ||
| 040 |
_aAR-LpoUNG _bspa _cAR-LpoUNG _eaacr |
||
| 041 | _aspa | ||
| 044 | _aag | ||
| 082 | 0 | _aA863 873cue | |
| 100 | 1 |
_aRovere, Susana Inés _esel. |
|
| 245 | 1 | 0 | _aCuentos argentinos del siglo XX |
| 250 | _a3ra. ed. | ||
| 260 |
_aBuenos Aires : _bHuemul, _c1980. |
||
| 300 |
_a356 p. : _btbls., gráfs., fot. |
||
| 650 | 4 | _aARGENTINA | |
| 650 | 4 | _aCUENTOS | |
| 650 | 4 | _aLITERATURA | |
| 653 | _aLITERATURA ARGENTINA | ||
| 905 | _a61354 | ||
| 942 | _cLIB | ||
| 999 |
_c13338 _d13338 |
||